漢字の読み - ランダム - Statistics

General Stats
  • This quiz has been taken 54 times
  • The average score is 24 of 50
Answer Stats
Kanji Answer % Correct
嘲る あざけ
100%
徒となる あだ
100%
渾名 あだな
100%
誂える あつら
100%
艶やか あで/つや
100%
予め あらかじ
100%
行脚 あんぎゃ
100%
安穏 あんのん
100%
許嫁 いいなずけ
100%
経緯 いきさつ/けいい
100%
些か いささ
100%
銀杏 いちょう/ぎんなん
100%
いとま
100%
燻す いぶ
100%
所謂 いわゆる
100%
外郎 ういろう
100%
承る うけたまわ
100%
疼く うず
100%
饂飩 うどん
100%
麗らか うら
100%
云々 うんぬん
100%
似非 えせ
100%
嚥下 えんげ
100%
大鋸屑 おがくず
100%
烏滸がましい おこ
100%
十八番 おはこ
100%
御御御付 おみおつけ
100%
御神酒 おみき
100%
慮る おもんぱか
100%
燕子花 かきつばた
100%
神楽 かぐら
100%
蜉蝣 かげろう
100%
瘡蓋 かさぶた
100%
姦しい かしま
100%
掠る かす
100%
傍ら かたわ
100%
間隙 かんげき
100%
屹立 きつりつ
100%
久遠 くおん
100%
寛ぐ くつろ
100%
好悪 こうお
100%
好々爺 こうこうや
100%
好事家 こうずか
100%
更迭 こうてつ
100%
湖沼 こしょう
100%
兀兀 こつこつ
100%
悉く ことごと
100%
寿ぐ ことほ
100%
細雪 ささめゆき
100%
雑踏 ざっとう
100%
曝す さら
100%
惨憺たる さんたん
100%
潮騒 しおさい
100%
時化る しけ
100%
強か したた
100%
舌鼓 したつづみ
100%
しつけ
100%
疾病 しっぺい
100%
注連縄・七五三縄 しめなわ
100%
髑髏 しゃれこうべ/どくろ
100%
数珠 じゅず
100%
述懐 じゅっかい
100%
贖宥状 しょくゆうじょう
100%
素寒貧 すかんぴん
100%
双六 すごろく
100%
すだれ
100%
素頓狂 すっとんきょう
100%
簀子 すのこ
100%
齟齬 そご
100%
唆す そそのか
100%
嫉む そね
100%
算盤 そろばん
100%
内裏 だいり
100%
山車 だし
100%
窘める たしな
100%
駄洒落 だじゃれ
100%
辿る たど
100%
戯言 たわごと/ざれごと
100%
嫡子 ちゃくし
100%
卓袱台 ちゃぶだい
100%
序で つい
100%
月極 つきぎめ
100%
拙い つたな
100%
集る つど
100%
摘入 つみれ
100%
氷柱 つらら
100%
鶴嘴 つるはし
100%
劈く つんざく
100%
丁稚上げる でっちあ
100%
永久 とこしえ/えいきゅう
100%
心太 ところてん
100%
咄嗟 とっさ
100%
蔑ろ ないがし
100%
宥める なだ
100%
浪速 なにわ
100%
均す なら
100%
燥ぐ はしゃ
100%
甚だ はなは
100%
繁茂 はんも
100%
贔屓 ひいき
100%
犇めく ひし
100%
鄙びた ひな
100%
閃く ひらめ
100%
顰蹙 ひんしゅく
100%
恣に・縦に ほしいまま
100%
絆す ほだ
100%
殆ど ほとん
100%
襤褸切れ ぼろき
100%
賄う まかな
100%
松脂 まつやに
100%
微睡み まどろ
100%
随に まにま
100%
妄りに みだ
100%
無碍 むげ
100%
謀反 むほん
100%
娶る めと
100%
尤も もっと
100%
弄ぶ もてあそ
100%
喧しい やかま
100%
よすが/えにし
100%
世迷言 よまいごと
100%
戦慄く わなな
100%
礼賛 らいさん
86%
謂れ いわ
80%
恭しい うやうや
80%
出納 すいとう
80%
翻す ひるがえ
80%
明白 あからさま/めいはく
75%
泡沫 うたかた/ほうまつ
75%
独活 うど
75%
脚気 かっけ
75%
金繰り かなぐ
75%
牛車 ぎっしゃ
75%
敬虔 けいけん
75%
滑稽 こっけい
75%
零す こぼ
75%
須く すべから
75%
辺鄙 へんぴ
75%
目紛しい めまぐる
75%
所以 ゆえん
75%
隘路 あいろ
67%
中る あた
67%
篤い あつ
67%
溢水 いっすい
67%
忌々しい いまいま
67%
否応なく いやおう
67%
慇懃 いんぎん
67%
団扇 うちわ
67%
蟒蛇 うわばみ
67%
驕る おご
67%
煽てる おだ
67%
おり
67%
瑕疵 かし
67%
竦む すく
67%
松明 たいまつ
67%
猪口才な ちょこざい
67%
敵愾心 てきがいしん
67%
洞穴 どうけつ
67%
懇ろ ねんご
67%
機織り はたお
67%
溌剌 はつらつ
67%
跋扈 ばっこ
67%
蔓延る はびこ
67%
熱り ほて/ほとぼ
67%
明礬 みょうばん
67%
眩暈 めまい
67%
専ら もっぱ
67%
亘り わた
67%
いびき
60%
蘊蓄 うんちく
60%
くさむら
60%
揺蕩う たゆた
60%
煮凝り にこご
60%
畦道 あぜみち
50%
恰も あたか
50%
泡銭 あぶくぜに
50%
雨霰 あめあられ
50%
いかだ
50%
厭う いと
50%
堆く うずたか
50%
嘯く うそぶ
50%
空蝉 うつせみ
50%
うてな/だい
50%
嘔吐く えず
50%
花魁 おいらん
50%
噯気 おくび
50%
御凸 おでこ
50%
徐ろ おもむ
50%
凡そ およ
50%
河岸 かし
50%
悴む かじか
50%
傅く かしず
50%
拐かす かどわ
50%
気触れる かぶ
50%
伽藍洞 がらんどう
50%
かんざし
50%
かんぬき
50%
矜持 きょうじ
50%
限限 ぎりぎり
50%
傀儡 かいらい/くぐつ
50%
燻る くすぶ/くゆ
50%
草臥れる くたび
50%
くつわ
50%
昏い くら
50%
怪訝 けげん
50%
希う こいねが
50%
狡い こす
50%
誤謬 ごびゅう
50%
強面 こわもて
50%
建立 こんりゅう
50%
しがらみ
50%
忸怩たる じくじ
50%
祝言 しゅうげん
50%
蒐集 しゅうしゅう
50%
しらみ
50%
頗る すこぶ
50%
寂寥感 せきりょうかん
50%
謗る・誹る そし
50%
続柄 つづきがら
50%
円ら つぶ
50%
出会す でくわ
50%
衒い てら
50%
乃至 ないし
50%
鈍色 にびいろ
50%
俄雨 にわかあめ
50%
惚気る のろけ
50%
はなぶさ
50%
憚る はばか
50%
反駁 はんばく
50%
僻む ひが
50%
敷衍 ふえん
50%
仄か ほの
50%
況してや
50%
身動ぎ みじろ
50%
鳩尾 みぞおち
50%
無辜 むこ
50%
虫酸 むしず
50%
縺れる もつ
50%
自棄 やけ
50%
努々 ゆめゆめ
50%
捩れる よじ
50%
喚く わめ
50%
予予 かねがね
40%
忽ち たちま
40%
呷る あお
33%
齷齪 あくせく
33%
論う あげつら
33%
軋轢 あつれき
33%
剰え あまつさ
33%
魘される うな
33%
御強 おこわ
33%
落魄れる おちぶ
33%
諄い くど
33%
晦ます くらま
33%
吝嗇 けち/りんしょく
33%
工廠 こうしょう
33%
流離い さすら
33%
弛緩 しかん
33%
頻りに しき
33%
軍鶏 しゃも
33%
入内 じゅだい
33%
悄気る しょげ
33%
縋る すが
33%
托鉢 たくはつ
33%
辟易ろぐ たじ
33%
種籾 たねもみ
33%
因む ちな
33%
啄む ついば
33%
具に つぶさ
33%
為体 ていたらく
33%
梃子摺る てこず
33%
腥い なまぐさ
33%
無礼る なめ
33%
跪く ひざまず
33%
迸る ほとばし
33%
まなじり
33%
みぞれ
33%
凭れる もた
33%
蟠り わだかま
33%
目敏い めざと
29%
肯う うべな
25%
艱難 かんなん
25%
東風 こち
25%
誑かす たぶら
25%
詳らか つまび
25%
読経 どきょう
25%
吃る ども
25%
はなむけ
25%
畢竟 ひっきょう
25%
ふるい
25%
擬しい もどか
25%
吝か やぶさ
25%
強請る ゆす
25%
御侠 おきゃん
20%
準える なぞら
20%
贖う あがな
0%
倦ねる あぐ
0%
朝餉 あさげ
0%
稚い いとけな/あどけな
0%
強ち あなが
0%
侮る あなど
0%
彼辺此辺 あべこべ
0%
数多 あまた
0%
肖る あやか
0%
雖も いえど
0%
寝穢い いぎたな
0%
諍い いさか
0%
石礫 いしつぶて
0%
幼気 いたいけ
0%
嘶く いなな
0%
訝しむ いぶか
0%
空者 うつけもの
0%
姑獲鳥 うぶめ
0%
倦む
0%
胡乱 うろん
0%
譫言 うわごと
0%
刳い えぐ
0%
果せる おお
0%
お浚い さら
0%
白粉 おしろい
0%
悍ましい おぞ
0%
戯ける おど
0%
慄く おのの
0%
夥しい おびただ
0%
おべっか
0%
御老成 おませ
0%
喀喀 おめおめ
0%
御粧し おめか
0%
阿る おもね
0%
面映ゆい おもは
0%
膾炙 かいしゃ
0%
灰燼 かいじん
0%
係う かかずら
0%
篝火 かがりび
0%
罹る かか
0%
翳す かざ
0%
微か かす
0%
かすがい
0%
忝い かたじけな
0%
固唾 かたず
0%
割烹 かっぽう
0%
傾奇者 かぶきもの
0%
感ける かま
0%
囂しい かまびす
0%
誂う からか
0%
為替 かわせ
0%
箝口令 かんこうれい
0%
陥穽 かんせい
0%
気障 きざ
0%
旗幟 きし
0%
煙管 きせる
0%
公達 きんだち
0%
鎖帷子 くさりかたびら
0%
くびき
0%
与する くみ
0%
嗾ける けしか
0%
消魂しい けたたま
0%
外連味 けれんみ
0%
業突張 ごうつくばり
0%
叩頭 こうとう
0%
拵える こしら
0%
挙って こぞ
0%
熟す こな
0%
拱く こまね
0%
交々 こもごも
0%
矜羯羅がる こんがら
0%
猜疑心 さいぎしん
0%
苛む さいな
0%
囀る さえず
0%
遡る さかのぼ
0%
嘸かし さぞ
0%
扨措き さてお
0%
宛ら さなが
0%
粗目雪 ざらめゆき
0%
弑逆 しいぎゃく
0%
市井 しせい
0%
耳朶 じだ
0%
拉く しだ
0%
認める したた
0%
入魂・昵懇 じっこん
0%
設える しつら
0%
靭やか しな
0%
屡々 しばしば
0%
紙魚 しみ
0%
奢侈品 しゃしひん
0%
上梓 じょうし
0%
瀟洒 しょうしゃ
0%
職人気質 しょくにんかたぎ
0%
斟酌 しんしゃく
0%
誰何 すいか
0%
杜撰 ずさん
0%
欷歔く すすりな
0%
集く すだ
0%
寸寸 ずたずた
0%
窄む すぼ
0%
静謐 せいひつ
0%
冷笑う せせらわら
0%
急勝 せっかち
0%
雪隠 せっちん
0%
発条 ぜんまい
0%
錚々たる そうそう
0%
其処彼処 そこかしこ
0%
唆る そそ
0%
漫ろ そぞ
0%
外方 そっぽ
0%
欹てる そばだ
0%
戦ぐ そよ
0%
嫋やか たお
0%
箍が外れる たが
0%
黄昏 たそがれ
0%
屯する たむろ
0%
知悉 ちしつ
0%
重畳 ちょうじょう
0%
打擲 ちょうちゃく
0%
閊える つか
0%
噤む つぐ
0%
土塊 つちくれ
0%
恙無く つつがな
0%
約まる つづ
0%
美人局 つつもたせ
0%
葛籠 つづら
0%
覿面 てきめん
0%
木偶 でく
0%
手遊び てすさ
0%
叛逆 はんぎゃく
0%
島嶼部 とうしょぶ
0%
饕餮 とうてつ
0%
蜷局 とぐろ
0%
土留色 とどめいろ
0%
惚ける とぼ
0%
響き どよめ
0%
等閑 なおざり
0%
就中 なかんずく
0%
詰る なじ
0%
泥む なず
0%
鞣す なめ
0%
形振り なりふ
0%
躙る にじ
0%
泥濘 ぬかるみ
0%
長閑 のどか
0%
逆上せる のぼ
0%
祝詞 のりと
0%
逸らかす はぐ
0%
含羞む はにか
0%
逸る はや
0%
版図 はんと
0%
煩悶 はんもん
0%
抽斗 ひきだし
0%
拉げる ひしゃ
0%
只管 ひたすら
0%
偏に ひとえ
0%
素見す ひやか
0%
剽軽 ひょうきん
0%
潤ける ふや
0%
平衡錘 へいこうつむ
0%
諂う へつら
0%
埴猪口 へなちょこ
0%
謙る へりくだ
0%
萌芽 ほうが
0%
抛る ほう
0%
暈す ぼか
0%
朴訥 ぼくとつ
0%
綻ぶ ほころ
0%
穿る ほじ
0%
布袋 ほてい
0%
ほとり
0%
雪洞 ぼんぼり
0%
罷る まか
0%
区々 まちまち
0%
順う まつろ
0%
疎ら まば
0%
忠実 まめ
0%
転び出る まろ
0%
円やか まろ
0%
見縊る みくび
0%
微塵子 みじんこ
0%
漲る みなぎ
0%
瞠る みは
0%
毟る むし
0%
噎せる
0%
目眩く めくるめ
0%
盲いる めし
0%
鍍金 めっき
0%
瑪瑙 めのう
0%
乙張り めりは
0%
捥ぐ
0%
擡げる
0%
齎す もたら
0%
徐ら立つ やお
0%
窶す やつ
0%
疚しい やま
0%
所縁 ゆかり
0%
終夜 よもすがら
0%
蹌踉ける よろ
0%
坩堝 るつぼ
0%
緑青 ろくしょう
0%
轆轤 ろくろ
0%
歪曲 わいきょく
0%
煩う わずら
0%
腕白
わんぱく
0%
No matching quizzes found
Score Distribution
Percent of People with Each Score
Percentile by Number Answered
Your Score History
You have not taken this quiz